[Event "HUN-chT1 Maroczy 2324"]
[Site "Hungary"]
[Date "2024.03.10"]
[Round "8.10"]
[White "Kiss, Gergely2"]
[Black "Blahota, Marcell"]
[Result "0-1"]
[WhiteElo "2072"]
[BlackElo "2037"]
[PlyCount "84"]
[EventDate "2023.10.08"]
[EventType "team-tourn"]
[EventRounds "11"]
[EventCountry "HUN"]
[SourceTitle "EXT 2025"]
[Source "ChessBase"]
[SourceDate "2024.10.14"]
[SourceVersion "1"]
[SourceVersionDate "2024.10.14"]
[SourceQuality "1"]
[WhiteTeam "Debrecen Sakkiskola"]
[BlackTeam "NYVSC"]
[WhiteTeamCountry "HUN"]
[BlackTeamCountry "HUN"]

1. Nf3 Nf6 2. d4 d5 3. c4 e6 4. Nc3 c6 5. e3 Nbd7 6. Qc2 Bd6 7. cxd5 exd5 8. Bd3 0-0 9. Rb1 c5 10. 0-0 a6 11. e4 dxe4 12. Nxe4 Nxe4 13. Bxe4 h6 14. Rd1 cxd4 15. Rxd4 Qb6 16. b4 Nf6 17. Bd3 Be6 18. Be3 Rac8 19. Qd2 Rfd8 20. Rd1 Qc7 21. Rxd6 Rxd6 22. Bh7+ Kxh7 23. Qxd6 Bxa2 24. Qd3+ Kg8 25. h3 Bc4 26. Qd2 Nd5 27. Bd4 Re8 28. Re1 Rxe1+ 29. Qxe1 Bb5 30. Qa1 f6 31. Qe1 Nf4 32. Bc5 Qc6 33. Qe3 Nd5 34. Nd4 Qd7 35. Qb3 Ba4 36. Qc4 Kh8 37. Bf8 Nf4 38. Kh2 Ng6 39. Bc5 Qc7+ 40. g3 b6 41. Qxa6 bxc5 42. Ne6 Qc6 0-1

[Event "HUN-chT1 Maroczy 2324"]
[Site "Hungary"]
[Date "2024.03.03"]
[Round "7.11"]
[White "Molnar, Lili1"]
[Black "Blahota, Marcell"]
[Result "0-1"]
[WhiteElo "1732"]
[BlackElo "2037"]
[PlyCount "100"]
[EventDate "2023.10.08"]
[EventType "team-tourn"]
[EventRounds "11"]
[EventCountry "HUN"]
[SourceTitle "EXT 2025"]
[Source "ChessBase"]
[SourceDate "2024.10.14"]
[SourceVersion "1"]
[SourceVersionDate "2024.10.14"]
[SourceQuality "1"]
[WhiteTeam "Kisujszallas"]
[BlackTeam "NYVSC"]
[WhiteTeamCountry "HUN"]
[BlackTeamCountry "HUN"]

1. d4 Nf6 2. c4 c6 3. Nc3 d5 4. Nf3 e6 5. Bg5 Nbd7 6. e3 Be7 7. Rc1 0-0 8. Bd3 dxc4 9. Bxc4 b5 10. Bd3 Bb7 11. 0-0 a6 12. Ne2 Qb6 13. e4 h6 14. Be3 Rfd8 15. Nf4 Ng4 16. Bd2 c5 17. Qe1 a5 18. Qe2 c4 19. Bb1 Ngf6 20. h4 b4 21. Rfd1 Ba6 22. Qe3 Rac8 23. e5 Nd5 24. Qe4 Nf8 25. Nh5 f5 26. exf6 Nxf6 27. Nxf6+ Bxf6 28. Be3 Bb7 29. Qg4 Qc7 30. b3 c3 31. Bd3 Qe7 32. Bc4 Kh8 33. g3 Bd5 34. Bxd5 Rxd5 35. Bf4 Rcd8 36. Be5 Bxe5 37. Nxe5 Qf6 38. Qh5 Kh7 39. Qe2 Rxd4 40. Nc6 Rd2 41. Qe4+ Kg8 42. Rf1 R8d5 43. Rc2 Rxc2 44. Qxc2 e5 45. Nb8 Rd8 46. Qe4 Rxb8 47. Qd5+ Kh8 48. Qxa5 Qd6 49. Re1 c2 50. Kg2 Qc6+ 0-1

[Event "HUN-chT1 Maroczy 2223"]
[Site "Hungary"]
[Date "2023.04.23"]
[Round "9.9"]
[White "Mate, Balazs"]
[Black "Blahota, Marcell"]
[Result "0-1"]
[WhiteElo "2015"]
[BlackElo "2044"]
[PlyCount "108"]
[EventDate "2022.11.20"]
[EventType "team-tourn"]
[EventRounds "9"]
[EventCountry "HUN"]
[SourceTitle "EXT 2025"]
[Source "ChessBase"]
[SourceDate "2024.10.14"]
[SourceVersion "1"]
[SourceVersionDate "2024.10.14"]
[SourceQuality "1"]
[WhiteTeam "Debrecen Sakkiskola"]
[BlackTeam "NYVSC"]
[WhiteTeamCountry "HUN"]
[BlackTeamCountry "HUN"]

1. e4 e5 2. Nf3 Nc6 3. Bc4 Bc5 4. d3 Nf6 5. Qe2 d6 6. c3 Qe7 7. Bb3 Be6 8. h3 h6 9. Nbd2 Bb6 10. Bc2 a5 11. Nf1 0-0-0 12. Ng3 d5 13. a3 g5 14. Nh2 Qc5 15. Be3 d4 16. Bd2 Qb5 17. Bc1 dxc3 18. bxc3 a4 19. 0-0 Bb3 20. Rd1 Na5 21. Rb1 Qc6 22. Bb2 Bxc2 23. Qxc2 Nb3 24. Nf5 Qe6 25. Nf1 g4 26. h4 Nd5 27. g3 Ne7 28. Nxe7+ Qxe7 29. Nd2 Qf6 30. Nxb3 axb3 31. Qe2 Qe6 32. Bc1 f5 33. exf5 Qxf5 34. Rxb3 Rhf8 35. Be3 Bxe3 36. Qxe3 Qf3 37. Qd2 e4 38. d4 e3 39. fxe3 Qxg3+ 40. Qg2 Qxe3+ 41. Kh1 Rf3 42. Qxg4+ Kb8 43. Rdb1 Rdf8 44. Rxb7+ Ka8 45. R7b2 h5 46. Qg5 Rh3+ 47. Rh2 Qe4+ 48. Qg2 Rhf3 49. Rg1 Ka7 50. Qg6 R8f5 51. Qg2 Kb7 52. Qc2 Qc6 53. Qb3+ Ka7 54. d5 Rxd5 0-1

[Event "HUN-chT1 Maroczy 2223"]
[Site "Hungary"]
[Date "2022.11.20"]
[Round "1.10"]
[White "Szabo, Kristof"]
[Black "Blahota, Marcell"]
[Result "1-0"]
[WhiteElo "2057"]
[BlackElo "2062"]
[PlyCount "73"]
[EventDate "2022.11.20"]
[EventType "team-tourn"]
[EventRounds "9"]
[EventCountry "HUN"]
[SourceTitle "EXT 2025"]
[Source "ChessBase"]
[SourceDate "2024.10.14"]
[SourceVersion "1"]
[SourceVersionDate "2024.10.14"]
[SourceQuality "1"]
[WhiteTeam "Vasas"]
[BlackTeam "NYVSC"]
[WhiteTeamCountry "HUN"]
[BlackTeamCountry "HUN"]

1. e4 e5 2. Nf3 Nc6 3. Bc4 Bc5 4. c3 Nf6 5. d3 0-0 6. Bg5 d6 7. Nbd2 h6 8. Bh4 a6 9. Bb3 Ba7 10. Qe2 Qe7 11. 0-0-0 Be6 12. h3 Bxb3 13. Nxb3 Qe6 14. Bxf6 Qxf6 15. g4 b5 16. Rdg1 Qf4+ 17. Kb1 g6 18. g5 h5 19. Nbd2 Kg7 20. Rg2 f5 21. gxf6+ Rxf6 22. Rhg1 Raf8 23. Qd1 Qh6 24. Nh4 Ne7 25. Ndf3 Kh7 26. d4 Qf4 27. Qd3 c5 28. dxe5 dxe5 29. Qd7 Qxe4+ 30. Ka1 Rxf3 31. Nxf3 Qxf3 32. Qxe7+ Rf7 33. Qxe5 Rd7 34. a3 Bb8 35. Qe6 Rd1+ 36. Ka2 Rd6 37. Qe7+ 1-0

[Event "HUN-chT1 Maroczy 2122"]
[Site "Hungary"]
[Date "2022.03.20"]
[Round "10.10"]
[White "Blahota, Marcell"]
[Black "Kubik, Anna Zsofia"]
[Result "1-0"]
[WhiteElo "2116"]
[BlackElo "1542"]
[PlyCount "63"]
[EventDate "2021.10.10"]
[EventType "team-tourn"]
[EventRounds "11"]
[EventCountry "HUN"]
[SourceTitle "EXT 2025"]
[Source "ChessBase"]
[SourceDate "2024.10.14"]
[SourceVersion "1"]
[SourceVersionDate "2024.10.14"]
[SourceQuality "1"]
[WhiteTeam "Nyiregyhaza VSC"]
[BlackTeam "Hus"]
[WhiteTeamCountry "HUN"]
[BlackTeamCountry "HUN"]

1. d4 d5 2. c4 c6 3. Nc3 e6 4. e3 f5 5. Bd3 Nf6 6. Qc2 Bd6 7. Bd2 0-0 8. Nge2 Ne4 9. 0-0 Qh4 10. g3 Qh3 11. Nf4 Bxf4 12. exf4 Rf6 13. Be1 Rg6 14. Bxe4 fxe4 15. cxd5 exd5 16. f3 e3 17. g4 Bxg4 18. fxg4 Rxg4+ 19. Bg3 Nd7 20. Qg2 Qh5 21. Rae1 Re8 22. Rf3 Nb6 23. b3 Nc8 24. Rfxe3 Rxe3 25. Rxe3 Nd6 26. Re5 Qg6 27. Qf3 Nf5 28. Nxd5 Kf8 29. Ne3 Nxe3 30. Qxe3 Qb1+ 31. Kg2 Qxa2+ 32. Kh3 1-0

[Event "HUN-chT1 Maroczy 2122"]
[Site "Hungary"]
[Date "2021.12.19"]
[Round "6.10"]
[White "Pervai, Laszlo"]
[Black "Blahota, Marcell"]
[Result "0-1"]
[WhiteElo "2019"]
[BlackElo "2012"]
[PlyCount "26"]
[EventDate "2021.10.10"]
[EventType "team-tourn"]
[EventRounds "11"]
[EventCountry "HUN"]
[SourceTitle "EXT 2025"]
[Source "ChessBase"]
[SourceDate "2024.10.14"]
[SourceVersion "1"]
[SourceVersionDate "2024.10.14"]
[SourceQuality "1"]
[WhiteTeam "Hobagoly"]
[BlackTeam "Nyiregyhaza VSC"]
[WhiteTeamCountry "HUN"]
[BlackTeamCountry "HUN"]

1. e4 c6 2. d4 d5 3. exd5 cxd5 4. c4 Nf6 5. Nc3 e6 6. Bg5 Be7 7. Nf3 0-0 8. Bd3 dxc4 9. Bxc4 Nc6 10. 0-0 b6 11. Ne5 Nxd4 12. Qb1 Qc7 13. Bf4 Bd6 0-1

[Event "HUN-chT1 Maroczy 2122"]
[Site "Hungary"]
[Date "2021.11.21"]
[Round "4.10"]
[White "Kis, Bela"]
[Black "Blahota, Marcell"]
[Result "1/2-1/2"]
[WhiteElo "1966"]
[BlackElo "1997"]
[PlyCount "85"]
[EventDate "2021.10.10"]
[EventType "team-tourn"]
[EventRounds "11"]
[EventCountry "HUN"]
[SourceTitle "EXT 2025"]
[Source "ChessBase"]
[SourceDate "2024.10.14"]
[SourceVersion "1"]
[SourceVersionDate "2024.10.14"]
[SourceQuality "1"]
[WhiteTeam "Vasas"]
[BlackTeam "Nyiregyhaza VSC"]
[WhiteTeamCountry "HUN"]
[BlackTeamCountry "HUN"]

1. b3 e5 2. Bb2 Nc6 3. e3 d5 4. Bb5 Bd6 5. Nf3 f6 6. d4 e4 7. Bxc6+ bxc6 8. Nfd2 f5 9. c4 Qg5 10. g3 Nf6 11. Nc3 h5 12. h4 Qh6 13. Qe2 Ba6 14. Na4 Nd7 15. a3 Rb8 16. b4 Nb6 17. Nxb6 Rxb6 18. b5 cxb5 19. c5 b4 20. cxb6 Bxe2 21. bxa7 Kd7 22. axb4 Bf3 23. Nxf3 Bxb4+ 24. Nd2 Qc6 25. Kd1 Ra8 26. Re1 Qb5 27. Re2 Qd3 28. Bc1 Kc6 29. Ra2 Kb5 30. Rb2 Ka4 31. Ra2+ Kb5 32. Rb2 Qc3 33. Nb1 Qd3+ 34. Bd2 c5 35. dxc5 Kxc5 36. Rxb4 Rxa7 37. Rb2 Ra1 38. Rc2+ Kd6 39. Kc1 Qb5 40. Rb2 Qc4+ 41. Rc2 Qb5 42. Rb2 Qc4+ 43. Rc2 1/2-1/2

[Event "HUN-chT2 Barcza 2122"]
[Site "Hungary"]
[Date "2021.10.10"]
[Round "1.3"]
[White "Dovzik, Juri"]
[Black "Blahota, Marcell"]
[Result "1/2-1/2"]
[WhiteElo "2275"]
[BlackElo "1957"]
[PlyCount "50"]
[EventDate "2021.10.10"]
[EventType "team-tourn"]
[EventRounds "9"]
[EventCountry "HUN"]
[SourceTitle "EXT 2025"]
[Source "ChessBase"]
[SourceDate "2024.10.14"]
[SourceVersion "1"]
[SourceVersionDate "2024.10.14"]
[SourceQuality "1"]
[WhiteTeam "Kazincbarcika"]
[BlackTeam "Nyiregyhaza VSC II"]
[WhiteTeamCountry "HUN"]
[BlackTeamCountry "HUN"]

1. c4 c6 2. d4 d5 3. Nc3 Nf6 4. Nf3 e6 5. e3 Nbd7 6. Be2 Bd6 7. Qc2 dxc4 8. Bxc4 b5 9. Be2 Bb7 10. 0-0 0-0 11. b3 a6 12. Bb2 Qc7 13. Rac1 Rac8 14. Ne4 Nxe4 15. Qxe4 c5 16. Qh4 Qd8 17. Qxd8 Rfxd8 18. Rfd1 Kf8 19. Kf1 f6 20. Ba3 b4 21. dxc5 Bxc5 22. Bb2 Ke7 23. Ne1 Bb6 24. Bf3 Bxf3 25. Nxf3 e5 1/2-1/2

[Event "HUN-chT2 Barcza 1819"]
[Site "Hungary"]
[Date "2018.12.02"]
[Round "5.12"]
[White "Zelena, Tamas"]
[Black "Blahota, Marcell"]
[Result "1-0"]
[WhiteElo "1902"]
[BlackElo "1797"]
[PlyCount "113"]
[EventDate "2018.09.23"]
[EventType "team-tourn"]
[EventRounds "11"]
[EventCountry "HUN"]
[SourceTitle "CBM 189 Extra"]
[Source "ChessBase"]
[SourceDate "2019.05.31"]
[SourceVersion "1"]
[SourceVersionDate "2019.05.31"]
[SourceQuality "1"]
[WhiteTeam "Miskolc Kisbocsok"]
[BlackTeam "Nyiregyhaza SISE"]
[WhiteTeamCountry "HUN"]
[BlackTeamCountry "HUN"]

1. e4 c6 2. d4 d5 3. exd5 cxd5 4. Bd3 Nc6 5. c3 Nf6 6. Bf4 Bg4 7. Qb3 Qc8 8. Nd2 e6 9. Ngf3 a6 10. h3 Bh5 11. a4 Bg6 12. Bxg6 hxg6 13. 0-0 Be7 14. Rfe1 0-0 15. Ne5 Nd7 16. Ndf3 Ndxe5 17. Nxe5 Nxe5 18. Bxe5 Rd8 19. Qb6 Rd7 20. Bg3 Bd8 21. Qb3 Bc7 22. Re3 Bxg3 23. Rxg3 Qc4 24. Qd1 Rc8 25. h4 Qc7 26. Qg4 Qd8 27. h5 Qf6 28. hxg6 Qxg6 29. Qxg6 fxg6 30. Rxg6 Kf7 31. Rg3 Rh8 32. Re3 Kf6 33. Rae1 Rd6 34. g3 Rc6 35. Kg2 g5 36. Rh1 Rxh1 37. Kxh1 Rb6 38. b4 Rc6 39. Kg2 a5 40. bxa5 Rc4 41. Kf3 Rxa4 42. Kg4 Ra2 43. f4 gxf4 44. Kxf4 Rxa5 45. g4 Ra6 46. g5+ Kg6 47. Rh3 Rc6 48. Rh6+ Kg7 49. Ke5 Rxc3 50. Rxe6 Re3+ 51. Kxd5 Rxe6 52. Kxe6 b5 53. Kd5 Kg6 54. Kc5 Kxg5 55. Kxb5 Kf6 56. Kc6 Ke7 57. d5 1-0

[Event "HUN-chT2 Barcza 1819"]
[Site "Hungary"]
[Date "2018.09.23"]
[Round "1.12"]
[White "Toth, Gergely2"]
[Black "Blahota, Marcell"]
[Result "1/2-1/2"]
[WhiteElo "1631"]
[BlackElo "1797"]
[PlyCount "100"]
[EventDate "2018.09.23"]
[EventType "team-tourn"]
[EventRounds "11"]
[EventCountry "HUN"]
[SourceTitle "CBM 189 Extra"]
[Source "ChessBase"]
[SourceDate "2019.05.31"]
[SourceVersion "1"]
[SourceVersionDate "2019.05.31"]
[SourceQuality "1"]
[WhiteTeam "Hajduboszormeny"]
[BlackTeam "Nyiregyhaza SISE"]
[WhiteTeamCountry "HUN"]
[BlackTeamCountry "HUN"]

1. e4 c5 2. Nf3 e6 3. d4 cxd4 4. Nxd4 a6 5. Nc3 Qc7 6. Be2 Nf6 7. Be3 Nc6 8. 0-0 Be7 9. f4 d6 10. Qd2 b5 11. a3 Bb7 12. Bf3 0-0 13. Qf2 Na5 14. Nxe6 fxe6 15. Bb6 Qc4 16. Bxa5 Nxe4 17. Nxe4 Bxe4 18. Bxe4 Qxe4 19. Rae1 Qf5 20. Bc3 Bf6 21. Bxf6 Rxf6 22. c3 Rc8 23. Qd4 Qc5 24. Qxc5 Rxc5 25. Re4 Rcf5 26. g3 e5 27. Kg2 Kf7 28. fxe5 dxe5 29. Rxf5 Rxf5 30. g4 Rf4 31. Rxf4+ exf4 32. g5 h6 33. gxh6 g5 34. Kf3 Kg6 35. Kg4 Kxh6 36. h4 gxh4 37. Kxh4 f3 38. Kg3 Kg5 39. Kxf3 Kf5 40. Ke3 Ke5 41. Kd3 Kd5 42. b4 Ke5 43. c4 bxc4+ 44. Kxc4 Kd6 45. a4 Kc6 46. Kd4 Kd6 47. Ke4 Ke6 48. a5 Kd6 49. Kd4 Kc6 50. Kc4 Kd6 1/2-1/2

[Event "HUN-chT2 Barcza 1718"]
[Site "Hungary"]
[Date "2018.03.25"]
[Round "10.12"]
[White "Blahota, Marcell"]
[Black "Somelan, Pal"]
[Result "1-0"]
[WhiteElo "1559"]
[BlackElo "1459"]
[PlyCount "107"]
[EventDate "2017.09.24"]
[EventType "team-tourn"]
[EventRounds "11"]
[EventCountry "HUN"]
[SourceTitle "EXT 2021"]
[Source "ChessBase"]
[SourceDate "2020.10.23"]
[SourceVersion "1"]
[SourceVersionDate "2020.10.23"]
[SourceQuality "1"]
[WhiteTeam "Nyiregyhaza SISE"]
[BlackTeam "Szirmabesenyo"]
[WhiteTeamCountry "HUN"]
[BlackTeamCountry "HUN"]

1. e4 e5 2. Nf3 Nc6 3. Bc4 d6 4. Nc3 Be6 5. Bb5 a6 6. Ba4 b5 7. Bb3 Bxb3 8. axb3 Nf6 9. d3 h6 10. 0-0 Be7 11. h3 Qd7 12. Nxb5 Nh5 13. Nc3 Nf4 14. Bxf4 exf4 15. Ne2 g5 16. Nfd4 Ne5 17. Nf5 Bf6 18. d4 Ng6 19. Nc3 c6 20. Qd3 0-0 21. Nxh6+ Kg7 22. Nf5+ Kg8 23. Rxa6 Rxa6 24. Qxa6 Nh4 25. Nxh4 gxh4 26. Qd3 Bg7 27. Ne2 Bh6 28. Qf3 Kh7 29. Nxf4 Rg8 30. Nh5 Bg5 31. Qf5+ Qxf5 32. exf5 Kh6 33. g4 hxg3 34. Nxg3 Bh4 35. Kh2 Rg5 36. b4 Kg7 37. c4 d5 38. b5 cxb5 39. cxb5 Kf6 40. Rc1 Bxg3+ 41. fxg3 Rxf5 42. Rc6+ Ke7 43. Kg2 Kd7 44. g4 Rf4 45. Rc2 Rxd4 46. b6 Rc4 47. Rxc4 dxc4 48. b7 Kc7 49. b8Q+ Kxb8 50. Kf3 Kc7 51. Ke4 Kb6 52. Kd5 Kb5 53. h4 Kb4 54. h5 1-0

[Event "HUN-chT2 Barcza 1718"]
[Site "Hungary"]
[Date "2017.12.17"]
[Round "6.11"]
[White "Karikas, Marianna"]
[Black "Blahota, Marcell"]
[Result "0-1"]
[WhiteElo "1849"]
[BlackElo "1559"]
[PlyCount "122"]
[EventDate "2017.09.24"]
[EventType "team-tourn"]
[EventRounds "11"]
[EventCountry "HUN"]
[SourceTitle "EXT 2021"]
[Source "ChessBase"]
[SourceDate "2020.10.23"]
[SourceVersion "1"]
[SourceVersionDate "2020.10.23"]
[SourceQuality "1"]
[WhiteTeam "Hajduboszormeny"]
[BlackTeam "Nyiregyhaza SISE"]
[WhiteTeamCountry "HUN"]
[BlackTeamCountry "HUN"]

1. d4 Nf6 2. Nf3 g6 3. e3 d5 4. c4 c6 5. Nc3 Bg7 6. h3 0-0 7. Bd3 dxc4 8. Bxc4 e6 9. 0-0 Nd5 10. e4 Nxc3 11. bxc3 c5 12. Ba3 b6 13. dxc5 Qe7 14. Qa4 bxc5 15. Qa5 Nd7 16. Bb5 Bb7 17. Bxd7 Qxd7 18. Bxc5 Rfc8 19. Rfd1 Qc7 20. Qxc7 Rxc7 21. Bd4 Bxe4 22. Nd2 Bd5 23. a4 Rac8 24. Rab1 Bxd4 25. cxd4 Rc3 26. f3 f5 27. Kf2 Rd3 28. Nf1 Rc2+ 29. Kg1 Rxd1 30. Rxd1 Ra2 31. Ne3 Rxa4 32. Nxd5 exd5 33. Rc1 Kf7 34. Rc7+ Ke6 35. Rxh7 a5 36. Ra7 f4 37. Ra6+ Kf5 38. Kf2 Rxd4 39. Rxa5 Rd2+ 40. Kf1 Ke5 41. Ra4 g5 42. Rb4 Rc2 43. Ra4 Rb2 44. Kg1 Rb5 45. Kf2 d4 46. Ra8 Rb2+ 47. Kf1 d3 48. Rd8 d2 49. Rd7 Rb1+ 50. Ke2 Rg1 51. Kxd2 Rxg2+ 52. Ke1 Rh2 53. Rg7 Rxh3 54. Rxg5+ Kd4 55. Kf2 Rh2+ 56. Rg2 Rxg2+ 57. Kxg2 Ke3 58. Kg1 Kxf3 59. Kf1 Ke3 60. Ke1 f3 61. Kf1 f2 0-1

[Event "HUN-chT U18"]
[Site "Hajduboszormeny"]
[Date "2016.11.02"]
[Round "1.5"]
[White "Karacsonyi, Gellert"]
[Black "Blahota, Marcell"]
[Result "1-0"]
[WhiteElo "1961"]
[BlackElo "1644"]
[PlyCount "63"]
[EventDate "2016.11.02"]
[EventType "team-swiss"]
[EventRounds "8"]
[EventCountry "HUN"]
[SourceTitle "CBM 175 Extra"]
[Source "ChessBase"]
[SourceDate "2016.12.12"]
[SourceVersion "1"]
[SourceVersionDate "2016.12.12"]
[SourceQuality "1"]

1. e4 e5 2. Nf3 Nc6 3. Bb5 d6 4. d4 Bd7 5. Nc3 exd4 6. Nxd4 Nxd4 7. Qxd4 Nf6 8. 0-0 Be7 9. Bg5 0-0 10. Bxd7 Qxd7 11. Rad1 Qc6 12. Rfe1 Rfe8 13. Rd3 h6 14. Bh4 Nd7 15. Bxe7 Rxe7 16. Nd5 Ree8 17. Rg3 g6 18. Rc3 Qb5 19. Nxc7 Qxb2 20. Nxa8 Nc5 21. Nc7 Rxe4 22. Qd2 Qb4 23. Rf1 Qa5 24. Nd5 Re6 25. Qd4 Qxa2 26. Re3 Rxe3 27. fxe3 Ne6 28. Ne7+ Kf8 29. Nxg6+ Ke8 30. Qh8+ Kd7 31. Rxf7+ Kc6 32. Qc8+ 1-0

[Event "HUN-ch U12"]
[Site "Balatonlelle"]
[Date "2016.06.26"]
[Round "4"]
[White "Blahota, Marcell"]
[Black "Fodor, Kornel"]
[Result "1/2-1/2"]
[WhiteElo "1644"]
[BlackElo "1779"]
[PlyCount "38"]
[EventDate "2016.06.24"]
[EventType "swiss"]
[EventRounds "9"]
[EventCountry "HUN"]
[SourceTitle "CBM 173 Extra"]
[Source "ChessBase"]
[SourceDate "2016.08.29"]
[SourceVersion "1"]
[SourceVersionDate "2016.08.29"]
[SourceQuality "1"]

1. e4 c5 2. Nf3 e6 3. d4 cxd4 4. Nxd4 Nc6 5. Nc3 Qc7 6. Be3 a6 7. a3 Nf6 8. Bd3 Ne5 9. Qd2 b5 10. Nce2 Bb7 11. Ng3 Bc5 12. Nb3 Bxe3 13. Qxe3 d5 14. Nd2 0-0 15. 0-0 Rfd8 16. Rac1 dxe4 17. Ndxe4 Nxe4 18. Bxe4 Nc4 19. Qc3 Bxe4 1/2-1/2

[Event "HUN-chT2 Barcza 1516"]
[Site "Hungary"]
[Date "2016.03.20"]
[Round "9.12"]
[White "Fazekas, Milan"]
[Black "Blahota, Marcell"]
[Result "1-0"]
[WhiteElo "1835"]
[BlackElo "1591"]
[PlyCount "122"]
[EventDate "2015.09.13"]
[EventType "team-tourn"]
[EventRounds "11"]
[EventCountry "HUN"]
[SourceTitle "EXT 2017"]
[Source "ChessBase"]
[SourceDate "2016.10.25"]
[SourceVersion "1"]
[SourceVersionDate "2016.10.25"]
[SourceQuality "1"]
[WhiteTeam "Miskolc KisBocsok"]
[BlackTeam "Nyiregyhaza"]
[WhiteTeamCountry "HUN"]
[BlackTeamCountry "HUN"]

1. e4 c5 2. Nf3 Nc6 3. d4 cxd4 4. Nxd4 Nf6 5. Nc3 e5 6. Ndb5 d6 7. Bg5 a6 8. Na3 b5 9. Nd5 Be7 10. Bxf6 Bxf6 11. c3 Be6 12. Nc2 Bxd5 13. Qxd5 Ne7 14. Qd3 d5 15. Rd1 dxe4 16. Qxe4 Qc8 17. Be2 0-0 18. 0-0 Qf5 19. Bd3 Qxe4 20. Bxe4 Rad8 21. Bb7 a5 22. Ba6 Rb8 23. Rd6 b4 24. cxb4 axb4 25. a4 bxa3 26. bxa3 Rfd8 27. Rxd8+ Rxd8 28. a4 Rd2 29. Ne3 Ra2 30. Bb5 g6 31. g3 Bg5 32. Ng4 Nc8 33. Nxe5 Nb6 34. Be8 Re2 35. f4 Bf6 36. a5 Nc8 37. Rc1 Nd6 38. Bc6 Bxe5 39. fxe5 Rxe5 40. Ra1 Nc8 41. a6 Re7 42. Bb7 Na7 43. Bg2 Re6 44. Bf1 Kg7 45. Rb1 Kf6 46. Kf2 Re7 47. Kf3 h6 48. Rb6+ Ke5 49. Ke3 Kd5+ 50. Kd3 Rd7 51. Kc3 Rc7+ 52. Kb4 Nc6+ 53. Ka4 Na7 54. Rb7 Kd6 55. Rb6+ Rc6 56. Ka5 Nc8 57. Rb7 Rc7 58. Bh3 f5 59. Bf1 Na7 60. Rb6+ Nc6+ 61. Kb5 Kd7 1-0

[Event "HUN-chT2 Barcza 1516"]
[Site "Hungary"]
[Date "2015.10.04"]
[Round "2.12"]
[White "Blahota, Marcell"]
[Black "Gaal, Adam"]
[Result "1-0"]
[WhiteElo "1597"]
[BlackElo "1261"]
[PlyCount "85"]
[EventDate "2015.09.13"]
[EventType "team-tourn"]
[EventRounds "11"]
[EventCountry "HUN"]
[SourceTitle "CBM 170 Extra"]
[Source "ChessBase"]
[SourceDate "2016.02.25"]
[SourceVersion "1"]
[SourceVersionDate "2016.02.25"]
[SourceQuality "1"]
[WhiteTeam "Nyiregyhaza"]
[BlackTeam "SSASSE"]
[WhiteTeamCountry "HUN"]
[BlackTeamCountry "HUN"]

1. e4 c5 2. Nf3 Nc6 3. d4 d5 4. exd5 Qxd5 5. Nc3 Qd7 6. d5 Nd4 7. Nxd4 cxd4 8. Bb5 dxc3 9. Bxd7+ Bxd7 10. bxc3 e6 11. dxe6 Bxe6 12. 0-0 g6 13. Qf3 0-0-0 14. Rd1 Rxd1+ 15. Qxd1 Bg7 16. Qf3 Ne7 17. Ba3 Nd5 18. Bb4 Nxb4 19. Rb1 Nc6 20. a4 Re8 21. h3 Re7 22. Rd1 Rd7 23. Rxd7 Kxd7 24. Qd3+ Kc7 25. g4 a6 26. f4 Ne7 27. c4 h6 28. c5 Nd5 29. c4 Nc3 30. f5 gxf5 31. gxf5 Bd7 32. Qg3+ Kc8 33. Qxg7 Nxa4 34. Qxf7 Kc7 35. Qd5 Bc6 36. Qe5+ Kd7 37. f6 Nxc5 38. Qxc5 Ke6 39. Qe7+ Kf5 40. f7 Kf4 41. f8Q+ Kg3 42. Qf2+ Kxh3 43. Qeh4# 1-0

[Event "HUN-chT2 Barcza 1415"]
[Site "Hungary"]
[Date "2015.04.26"]
[Round "?"]
[White "Vagner, Gergo"]
[Black "Blahota, Marcell"]
[Result "1/2-1/2"]
[WhiteElo "1584"]
[BlackElo "1464"]
[PlyCount "111"]
[EventDate "2014.09.07"]
[EventType "team-tourn"]
[EventRounds "11"]
[EventCountry "HUN"]
[SourceTitle "EXT 2016"]
[Source "ChessBase"]
[SourceDate "2015.10.08"]
[SourceVersion "1"]
[SourceVersionDate "2015.10.08"]
[SourceQuality "1"]
[WhiteTeam "Tiszavasvar"]
[BlackTeam "Nyiregyhaza"]
[WhiteTeamCountry "HUN"]
[BlackTeamCountry "HUN"]

1. Nf3 Nf6 2. d4 d5 3. c4 e6 4. Nc3 Bb4 5. e3 0-0 6. Bd2 b6 7. cxd5 Nxd5 8. Nxd5 Bxd2+ 9. Qxd2 Qxd5 10. b3 Bb7 11. Rc1 Nc6 12. Bc4 Qd6 13. Qe2 Qb4+ 14. Qd2 Qxd2+ 15. Nxd2 Rad8 16. 0-0 a6 17. Rfd1 Rd7 18. Kh1 Rfd8 19. Bxa6 Bxa6 20. Rxc6 Bb5 21. Rcc1 e5 22. Nf3 exd4 23. Rxd4 c5 24. Rxd7 Rxd7 25. b4 f6 26. bxc5 bxc5 27. h3 c4 28. Nd4 Ba6 29. a4 Kf7 30. Nb5 Bxb5 31. axb5 Rb7 32. Rxc4 Rxb5 33. Kh2 Rf5 34. Kg3 Rd5 35. f4 Kg6 36. Rd4 Rc5 37. Kf3 Rc1 38. e4 Rc3+ 39. Ke2 Rg3 40. Kf2 Rb3 41. Rd2 Rb6 42. Re2 f5 43. Kf3 Rb3+ 44. Re3 fxe4+ 45. Kxe4 Rb4+ 46. Kf3 Kf5 47. Re5+ Kf6 48. Rc5 Rb3+ 49. Kg4 Rb2 50. Rc6+ Kf7 51. g3 Rb3 52. Kh4 h6 53. g4 Rb7 54. f5 Rb3 55. Rg6 Rf3 56. Rb6 1/2-1/2